BSOP header

Al-Hind : (Record no. 21989)

MARC details
000 -LEADER
fixed length control field 00940nam a2200217 4500
008 - FIXED-LENGTH DATA ELEMENTS--GENERAL INFORMATION
fixed length control field 041201m2002 maub b 001 0 eng
020 ## - INTERNATIONAL STANDARD BOOK NUMBER
International Standard Book Number 0391041738 (v. 1) :USD33.59
020 ## - INTERNATIONAL STANDARD BOOK NUMBER
International Standard Book Number 0391041746 (v. 2) :USD33.59
090 ## - LOCALLY ASSIGNED LC-TYPE CALL NUMBER (OCLC); LOCAL CALL NUMBER (OCLC)
Classification number (OCLC) (R) ; Classification number, CALL (RLIN) (NR) DS451
Local cutter number (OCLC) ; Book number/undivided call number, CALL (RLIN) W72
100 1# - MAIN ENTRY--PERSONAL NAME
Personal name Wink, André.
245 10 - TITLE STATEMENT
Title Al-Hind :
Remainder of title the making of the Indo-Islamic world /
Statement of responsibility, etc by André Wink.
260 ## - PUBLICATION, DISTRIBUTION, ETC. (IMPRINT)
Place of publication, distribution, etc Boston, MA :
Name of publisher, distributor, etc Brill,
Date of publication, distribution, etc 2002-
300 ## - PHYSICAL DESCRIPTION
Extent v. <1-2 > :
Other physical details maps ;
Dimensions 23 cm.
500 ## - GENERAL NOTE
General note Originally published: Leiden ; New York : E.J. Brill, 1996.
504 ## - BIBLIOGRAPHY, ETC. NOTE
Bibliography, etc Includes bibliographical references and index.
505 0# - FORMATTED CONTENTS NOTE
Formatted contents note v. 1. Early medieval India and the expansion of Islam, 7th-11th centuries -- v. 2. The slave kings and the Islamic conquest, 11th-13th centuries
651 #4 - SUBJECT ADDED ENTRY--GEOGRAPHIC NAME
Geographic name India
General subdivision History
Chronological subdivision 1000-1526.
651 #4 - SUBJECT ADDED ENTRY--GEOGRAPHIC NAME
Geographic name India
General subdivision History
Chronological subdivision 324 B.C.-1000 A.D.
651 #4 - SUBJECT ADDED ENTRY--GEOGRAPHIC NAME
Geographic name Islamic Empire
General subdivision History.
951 ## - EQUIVALENCE OR CROSS-REFERENCE-GEOGRAPHIC NAME/AREA NAME [OBSOLETE] [CAN/MARC only]
General subdivision 00029023
951 ## - EQUIVALENCE OR CROSS-REFERENCE-GEOGRAPHIC NAME/AREA NAME [OBSOLETE] [CAN/MARC only]
-- 27948
-- DS451/W72-II
-- 070613111430031
-- 2000-12-21
-- GC
Holdings
Withdrawn status Lost status Damaged status Not for loan Home library Current library Shelving location Date acquired Accession number Shelving control number Total Checkouts Full call number Barcode Date last seen Price effective from Koha item type
        BSOP Library BSOP Library GC 12/21/2000 27948 127   DS451/W72-II 00029023 02/23/2013 02/23/2013 Books
BSOP

Biblical Seminary of the Philippines
  All rights Reserved
  © 2024

CONTACT INFORMATION

Biblical Seminary of the Philippines,
  77-B Karuhatan Road, Valenzuela City,
  PHILIPPINES 1441
  Phone: +632 8292-6795 / 8292-6798
  Fax : +632 8292-6675
  Email: library@bsop.edu.ph